<?xml version="1.0" encoding="UTF-8"?>
<record
    xmlns:xsi="http://www.w3.org/2001/XMLSchema-instance"
    xsi:schemaLocation="http://www.loc.gov/MARC21/slim http://www.loc.gov/standards/marcxml/schema/MARC21slim.xsd"
    xmlns="http://www.loc.gov/MARC21/slim">

  <leader>01060nam a2200229 a 4500</leader>
  <controlfield tag="001">000041922</controlfield>
  <controlfield tag="005">20201002035831.0</controlfield>
  <controlfield tag="008">131011s2004    sp            000 0 spa d</controlfield>
  <datafield tag="020" ind1=" " ind2=" ">
    <subfield code="a">8400082362</subfield>
  </datafield>
  <datafield tag="040" ind1=" " ind2=" ">
    <subfield code="a">DO-SdBNP</subfield>
    <subfield code="b">spa</subfield>
    <subfield code="c">BNPHU</subfield>
  </datafield>
  <datafield tag="100" ind1="1" ind2=" ">
    <subfield code="a">Al&#xB4;Isbfili, Abulhayr</subfield>
    <subfield code="9">68825</subfield>
  </datafield>
  <datafield tag="240" ind1="1" ind2="0">
    <subfield code="a">Kitabu Umdati Ttabib fi ma Rifati Nnabat Likulli Labib</subfield>
    <subfield code="l">Espa&#xF1;ol-Arabe</subfield>
  </datafield>
  <datafield tag="245" ind1="1" ind2="0">
    <subfield code="a">Kitabu Umdati Ttabib fi ma Rifati Nnabat Likulli Labib :</subfield>
    <subfield code="b">(libro base del m&#xE9;dico para el conocimiento de la bot&#xE1;nica por todo experto) /</subfield>
    <subfield code="c">Abulhayr Al&#xB4;Isbfili; edici&#xF3;n, notas y traducci&#xF3;n castellana de, J. Bustamante, F. Corriente y M. TilmatinePurificaci&#xF3;n de la torre.</subfield>
  </datafield>
  <datafield tag="260" ind1=" " ind2=" ">
    <subfield code="a">Madrid, :</subfield>
    <subfield code="b">Consejo Superior de Investigaciones Cient&#xED;ficas,</subfield>
    <subfield code="c">2004.</subfield>
  </datafield>
  <datafield tag="300" ind1=" " ind2=" ">
    <subfield code="a">857 p. ;</subfield>
    <subfield code="c">24 cm.</subfield>
  </datafield>
  <datafield tag="490" ind1="1" ind2=" ">
    <subfield code="a">Fuentes Ar&#xE1;bico-Hispanas</subfield>
    <subfield code="v">30</subfield>
  </datafield>
  <datafield tag="546" ind1=" " ind2=" ">
    <subfield code="a">Texto en Arabe (maltes) y traducido al espa&#xF1;ol</subfield>
  </datafield>
  <datafield tag="700" ind1="1" ind2=" ">
    <subfield code="a">Bustamante, J.</subfield>
    <subfield code="e">trad.</subfield>
    <subfield code="9">68826</subfield>
  </datafield>
  <datafield tag="700" ind1="1" ind2=" ">
    <subfield code="a">Corriente, F.</subfield>
    <subfield code="e">trad.</subfield>
    <subfield code="9">68827</subfield>
  </datafield>
  <datafield tag="700" ind1="1" ind2=" ">
    <subfield code="a">Tilmatine, M.</subfield>
    <subfield code="e">trad.</subfield>
    <subfield code="9">68828</subfield>
  </datafield>
  <datafield tag="830" ind1=" " ind2="0">
    <subfield code="a">Fuentes Ar&#xE1;bico-Hispanas</subfield>
    <subfield code="v">30</subfield>
    <subfield code="9">65581</subfield>
  </datafield>
  <datafield tag="952" ind1=" " ind2=" ">
    <subfield code="0">0</subfield>
    <subfield code="1">0</subfield>
    <subfield code="5">0</subfield>
    <subfield code="7">1</subfield>
    <subfield code="8">MO</subfield>
    <subfield code="a">GR</subfield>
    <subfield code="b">GR</subfield>
    <subfield code="c">CT</subfield>
    <subfield code="d">2013-10-22</subfield>
    <subfield code="i">LF1</subfield>
    <subfield code="l">0</subfield>
    <subfield code="o"> </subfield>
    <subfield code="p">41922-10</subfield>
    <subfield code="r">2020-06-25</subfield>
    <subfield code="w">2020-06-25</subfield>
    <subfield code="y">1</subfield>
    <subfield code="Z">No se presta</subfield>
  </datafield>
  <datafield tag="999" ind1=" " ind2=" ">
    <subfield code="c">41411</subfield>
    <subfield code="d">41411</subfield>
  </datafield>
</record>
